Idebent minden otthonos és bizarr

Bibliographic Details
Main Author: Hernádi, Henriett (Author)
Other Authors: Vályi Horváth, Erika, 1978- (Translator)
Format: Article
Language:Hungarian
PhysicalDescription:Fotografie
ISSN:1335-7050
Subjects:

MARC

LEADER 00000nab a2200000 4500
001 vtls012148160
003 SK-MaSNL
005 20260318122004.0
008 220908|20220908xo |||| || ||00 0|hun
015 |a SNBRB2022/09 
040 |a DSZK  |b slo  |c DSZK  |e rda 
041 |a hun 
043 |a e-xo--- 
044 |a xo  |c SK 
072 7 |a 821.511.1  |x Ugrofínske literatúry  |2 konspekt 
080 |a 821.511.141-32  |2 2011 
100 1 |a Hernádi, Henriett  |4 aut  |9 1589654 
245 1 0 |a Idebent minden otthonos és bizarr  |c Hernádi Henriett 
300 |b Fotografie 
336 |a text  |b txt  |2 rdacontent 
337 |a bez média  |b n  |2 rdamedia 
338 |a zväzok  |b nc  |2 rdacarrier 
500 |a Kniha je prekladom zo slovenského originálu (Na slepačích krídlach) do maďarčiny. 
600 1 7 |a Brežná, Irena,  |d 1950-  |t Minden világok legjobbika  |2 dszk  |9 1589655 
600 1 7 |a Vályi Horváth, Erika,  |d 1978-  |t Minden világok legjobbika  |2 dszk  |9 1589656 
650 0 7 |a literatúra pre mládež  |2 SNKPH  |9 28151 
650 0 7 |a komunistický režim  |2 SNKPH  |9 4699 
650 0 7 |a preklad  |2 SNKPH  |9 25315 
651 7 |a Československo  |x dejiny  |2 SNKPHgeo  |9 161432 
655 7 |a maďarské prózy  |2 SNKPH  |9 70733 
655 7 |a recenzie  |2 SNKPH  |9 21907 
700 1 |a Vályi Horváth, Erika,  |d 1978-  |4 trl  |9 173113 
773 0 |t Új Szó  |g Évf. 75, sz. 207 (2022.09.07)  |x 1335-7050 
773 0 8 |i Príloha:  |t Könyvespolc  |g O. 14 
787 0 8 |i Recenzia:  |a Brežná, Irena ,  |t Minden világok legjobbika  |d Bratislava: Womanpress Kiadó, 2022  |z 9788085549874 
958 |a SK 
958 |a HU 
958 |a LX 
999 |c 3258021  |d 3259951